| 000 | 01235cam a22002891 4500 | ||
|---|---|---|---|
| 001 | rc 01003052 | ||
| 003 | DLC | ||
| 005 | 20260227111908.0 | ||
| 007 | cr_||||||||||| | ||
| 008 | 780421s1881 xx 000 0 eng | ||
| 010 | _arc 01003052 | ||
| 035 | _a(OCoLC)3819994 | ||
| 040 |
_aDLC _cOT _dDLC |
||
| 042 | _apremarc | ||
| 050 | 0 | 0 |
_aF89.S6 _bS8 |
| 100 | 1 | _aSteere, Thomas. | |
| 245 | 0 | 0 |
_aHistory of the town of Smithfield [R.I.] _bfrom its organization, in 1730-1, to its division, in 1871, _ccomp. in accordance with the votes of the towns of Smithfield, North Smithfield, Lincoln and Woonsocket, R.I., by Thomas Steere. |
| 260 |
_aProvidence, R.I., _bE.L. Freeman & co., printers, _c1881. |
||
| 300 |
_a8 p. l., 230 p. _c23 cm. |
||
| 500 | _aIn 1871 a part of the town of Smithfield was added to Woonsocket and other portions were set off to form the new towns of Lincoln and North Smithfield. | ||
| 530 | _aAlso available in digital form on the Internet Archive Web site. | ||
| 651 | 0 |
_aSmithfield (R.I. : Town) _xHistory. |
|
| 651 | 0 |
_aLincoln (R.I.) _xHistory. |
|
| 651 | 0 |
_aNorth Smithfield (R.I.) _xHistory. |
|
| 651 | 0 |
_aWoonsocket (R.I.) _xHistory. |
|
| 856 | 4 | 1 | _uhttp://hdl.loc.gov/loc.gdc/scd0001.00140789318 |
| 999 |
_c52479 _d52479 |
||